=LDR 00000nam 2200000 4500 =001 INLIS000000000014101 =005 20130612105410 =008 ***********************************Ind** =035 ##$$0010-061300000014101 =041 ##$$a Ind =082 ##$$a 551.46 =090 ##$$a 551.46, Gup b =100 ##$$a Gupran =245 ##$$a Berkebun di laut biru, Gupran =260 ##$$a 2001 $b Yogyakarta =300 ##$$a viii, 133 hlm, Ilus, 20 cm =650 ##$$a Oseanografi =850 ##$$a NBPNMAT